Bài tập trắc nghiệm hóa học 10

Αποθηκεύτηκε σε:
Λεπτομέρειες βιβλιογραφικής εγγραφής
Κύριος συγγραφέας: Đặng, Thị Oanh
Μορφή: Βιβλίο
Γλώσσα:Undetermined
Έκδοση: Hà Nội Giáo dục 2009
Θέματα:
Ετικέτες: Προσθήκη ετικέτας
Δεν υπάρχουν, Καταχωρήστε ετικέτα πρώτοι!
Thư viện lưu trữ: Trung tâm Học liệu Trường Đại học Cần Thơ
LEADER 00655nam a2200205Ia 4500
001 CTU_185052
008 210402s9999 xx 000 0 und d
020 |c 22500 
082 |a 540.76 
082 |b O.408 
100 |a Đặng, Thị Oanh 
245 0 |a Bài tập trắc nghiệm hóa học 10 
245 0 |c Đặng Thị Oanh, Phạm Văn Hoan, Trần Trung Ninh (Chủ biên) 
260 |a Hà Nội 
260 |b Giáo dục 
260 |c 2009 
650 |a Chemistry,Hóa học 
650 |x Problems, exercises, etc.,Câu hỏi, bài tập 
904 |i Hải 
980 |a Trung tâm Học liệu Trường Đại học Cần Thơ